| Tag |
First Indicator |
Second Indicator |
Subfields |
| LEADER |
00000cam a2200000 a 4500 |
| 001 |
in00001680413 |
| 005 |
20190207100243.0 |
| 008 |
900727s1990 txua 001 0 eng |
| 010 |
|
|
|a 90062706
|
| 020 |
|
|
|a 0962759074
|
| 035 |
|
|
|a (OCoLC)ocm26219844
|
| 040 |
|
|
|a DLC
|c DLC
|d TXA
|d UtOrBLW
|
| 049 |
|
|
|a TXAM
|
| 050 |
0 |
0 |
|a TX714
|b .P437 1990
|
| 082 |
0 |
0 |
|a 641.5/0976465
|2 20
|
| 100 |
1 |
|
|a Pedregon, Cynthia Collins.
|
| 245 |
1 |
4 |
|a The Peach Tree Tea Room cookbook /
|c by Cynthia Collins Pedregon ; [cover design & illustrations by Becky Crouch Patterson ; photographs by Marc Bennett ; calligraphy by Enid Collins].
|
| 264 |
|
1 |
|a Fredericksburg, Tex. :
|b Peach Tree Gift Gallery and Tea Room,
|c [1990]
|
| 264 |
|
4 |
|c ©1990
|
| 300 |
|
|
|a 224 pages :
|b illustrations (some color) ;
|c 24 cm.
|
| 336 |
|
|
|a text
|b txt
|2 rdacontent
|
| 337 |
|
|
|a unmediated
|b n
|2 rdamedia
|
| 338 |
|
|
|a volume
|b nc
|2 rdacarrier
|
| 500 |
|
|
|a The Cushing Library/Chapman Texas Collection copy is part of the Floyd & Louise Chapman Texas & Borderlands Collection.
|5 TXA
|
| 500 |
|
|
|a Includes index.
|
| 500 |
|
|
|a "The Texas Cookbook Collection."
|
| 536 |
|
|
|a Cushing Library Texas copy was donated 1999 by Ona Stribling Beams, Dallas, Texas, in memory of George William Beams, Class of 1929.
|
| 650 |
|
0 |
|a Cooking, American.
|
| 650 |
|
0 |
|a Cooking.
|
| 610 |
2 |
0 |
|a Peach Tree Tea Room.
|
| 994 |
|
|
|a E0
|b TXA
|
| 948 |
|
|
|a cataloged
|b h
|c 2002/4/22
|d c
|e nrodrigu
|f 9:49:20 am
|
| 999 |
|
|
|a MARS
|
| 999 |
f |
f |
|s aa612afe-c84d-3d08-a4eb-2980489b8afb
|i 41d3af6e-575b-397e-b26c-73ce8c967d6f
|t 0
|
| 952 |
f |
f |
|p noncirc
|a Texas A&M University
|b College Station
|c Cushing Memorial Library & Archives
|d Cushing: Chapman Texas Collection (Does not check out)
|t 0
|e TX714 .P437 1990
|h Library of Congress classification
|i unmediated -- volume
|
| 998 |
f |
f |
|a TX714 .P437 1990
|t 0
|l Cushing: Chapman Texas Collection (Does not check out)
|